Представление документа в формате RUSMARC

ПолеНазваниеЗначение
  Тип записи a
  Библиографический уровень m
001 Контрольный номер a37126833725438ea7dada10228b66dd
005 Дата корректировки 20260430093153.5
010 Индекс ISBN __
a ISBN 978-5-353-07705-3
b Уточнения в пер.
9 Тираж 10000 экз.
d Цена 150-00
100 Данные общей обработки __
a Данные общей обработки 20260417d2025 d y0rusy028902 ca
101 Язык документа 0_
a Язык текста rus
102 Страна публикации __
a Страна публикации RU
105 Кодированные данные (монография) __
a Кодированные данные (монография) a z 000ay
181 Поле кодированных данных: вид содержания _0
a Код вида содержания (ISBD) i
182 Поле кодированных данных: тип средства _0
a Код типа средства (ISBD) n
200 Заглавие и сведения об ответственности 1_
a Заглавие Тимур и его команда
f Первые сведения об ответственности А. П. Гайдар
g Последующие сведения об ответственности художник: Г. Мазурин
e Сведения, относящиеся к заглавию повесть : [для среднего школьного возраста]
203 Вид содержания и тип средства __
a Вид содержания Текст
c Тип средства непосредственный
210 Выходные данные 1_
a Место издания Москва
c Издательство Росмэн
d Дата издания 2025
215 Физическое описание __
a Объем 126, [1] с.
c Иллюстрации/тип воспроизводства цв. ил.
d Формат 20 см
225 Серия 2_
a Серия Внеклассное чтение
300 Общие примечания __
a Общие примечания Информация об авторе: с. 3-[4]
300 Общие примечания __
a Общие примечания Произведения печатаются без сокращений
330 Аннотация __
a Аннотация Повесть "Тимур и его команда" была написана Аркадием Гайдаром в 1940 году, но она интересна и современным детям, потому что это история о вечных ценностях - светлой любви, настоящей дружбе и справедливости. Автор воспитывает в своих читателях милосердие и благородство. Повесть включена в список ста книг, рекомендованных школьникам Министерством образования и науки РФ для самостоятельного чтения.
333 Примечание о целевом назначении __
a Примечание о целевом назначении 6+. Для детей старше шести лет
606 Тематические рубрики __
a Основная рубрика Художественная литература
2 Код системы nlr_sh
606 Тематические рубрики __
a Основная рубрика Русская литература XX в. (произведения)
2 Код системы nlr_sh
610 Ключевые слова 0_
a Ключевые слова детская литература
610 Ключевые слова 0_
a Ключевые слова повести
610 Ключевые слова 0_
a Ключевые слова повести о детях
610 Ключевые слова 0_
a Ключевые слова советская литература
610 Ключевые слова 0_
a Ключевые слова тема взаимопомощи
610 Ключевые слова 0_
a Ключевые слова тема детей
610 Ключевые слова 0_
a Ключевые слова тема детства
610 Ключевые слова 0_
a Ключевые слова тема добра
610 Ключевые слова 0_
a Ключевые слова тема дружбы
610 Ключевые слова 0_
a Ключевые слова тема жизни
610 Ключевые слова 0_
a Ключевые слова тема пионеров
610 Ключевые слова 0_
a Ключевые слова тема подвигов
610 Ключевые слова 0_
a Ключевые слова тема подростков
610 Ключевые слова 0_
a Ключевые слова подростки
610 Ключевые слова 0_
a Ключевые слова тема пожилых людей
610 Ключевые слова 0_
a Ключевые слова тема помощи
610 Ключевые слова 0_
a Ключевые слова тема приключений
610 Ключевые слова 0_
a Ключевые слова приключения для детей
610 Ключевые слова 0_
a Ключевые слова тема труда
610 Ключевые слова 0_
a Ключевые слова тема уважения
610 Ключевые слова 0_
a Ключевые слова тема дружбы
610 Ключевые слова 0_
a Ключевые слова приключенческие повести
686 Индексы других классификаций __
2 Код системы rubbks
a Классификационный индекс ст84(2=411.2)6-4
700 Автор _1
a Фамилия Гайдар
b Имя А. П.
c Титул (звания) Голиков, Аркадий Петрович
f Даты 1904-1941
g Полное личное имя Аркадий Петрович
4 Код отношения 070
702 Вторичная интеллектуальная ответственность _1
a Фамилия Мазурин
b Имя Г. А.
4 Код отношения 440
g Полное личное имя Герман Алексеевич
f Даты 1932-2023
790 Имя лица - альтернативная форма _1
a Имя лица - альтернативная форма Голиков
c Титул (звания) Гайдар, Аркадий Петрович
b Имя А. П.
g Полное личное имя Аркадий Петрович
4 Код отношения 070
801 Источник записи _0
a Страна RU
b Организация Муниципальное бюджетное учреждение культуры "Централизованная библиотечная система" г. Сургут (Центральная городская библиотека им. А. С. Пушкина)
c Дата составления 20260417
g Правила каталогизации PSBO
801 Источник записи _1
a Страна RU
b Организация Муниципальное бюджетное учреждение культуры "Централизованная библиотечная система" г. Сургут (Центральная городская библиотека им. А. С. Пушкина)
c Дата составления 20260417
g Правила каталогизации PSBO
852 Данные о местонахождении __
j Шифр хранения ст84(2=411.2)6-4
i Авторский знак Г 14
900 Макрообъекты __
a Макрообъекты Тимур и его команда. Гайдар, А., 2025
901 Тип документа __
a Ответственный ООФиК/Губина
t Тип документа m
901 Тип документа __
a Ответственный 5 партия
903 Характеристики (МАРС) __
a Дата передачи 20260417
c Наименование библиотеки (МАРС) Муниципальное бюджетное учреждение культуры "Централизованная библиотечная система" г. Сургут (Центральная городская библиотека им. А. С. Пушкина)
969 Тип издания __
a Тип издания издание для детей
990 Данные о заказе (DOS) __
j Количество экземпляров (DOS) 2
t N записи в КСУ для И/У (DOS) 202605